000 00482nam a22001817a 4500
003 CEME
005 20210628210505.0
008 210208b xxu||||| |||| 00| 0 eng d
020 _a0-201-03956-7
040 _c.
082 _a004.0151 KUO
100 _aKuo, Shan.S
_979597
245 _aComputer applications of numeriacl methods
260 _aNEW YORK
_bADDISON WESLEY
_c1972
300 _a415P
650 _aNUMERIACL METHODS-COMPUTER APPLICATIONS
_979598
942 _cBK
_2ddc
999 _c584621
_d584621